Pamiatky zaradené do zoznamu svetového kultúrneho a prírodného dedičstva UNESCO

Bibliographic Details
Format: Book
Language:Undetermined
Published: Bratislava Slovenská informačná agentúra 1996
ISBN:8080480931

MARC

LEADER 00000nam a2200000 a 4500
001 vtls001293302
003 SK-MaSNL
005 20260223171918.0
008 970703s1996 xx 0 und
020 |a 8080480931  |c b.c. 
035 |a SNK000245068 
040 |a SNK  |b slo  |c SNK  |e AACR2 
245 1 |a Pamiatky zaradené do zoznamu svetového kultúrneho a prírodného dedičstva UNESCO 
260 |a Bratislava  |b Slovenská informačná agentúra  |c 1996 
919 |a 80-8048-093-1 
999 |c 628997  |d 630927 
952 |t P60, <09>, [BOOK], {629}  |a SNK  |b SNK  |y NEVYP  |7 0  |o snkD 460  |i snk3293/970708  |0 0  |1 0  |4 0  |d 1997-07-07  |l 0  |r 2005-01-02 00:00:00  |w 2026-02-23